000 00537nam a2200181Ia 4500
005 20250423101737.0
008 250422s9999 xx 000 0 und d
020 _a9781506367422
050 _aJA 86 .B34/
100 _aBaglione, Lisa A.
245 0 _aWriting a research paper in political science: a practical guide to inquiry, structure and methods
250 _a4th ed.
260 _aLos Angeles
260 _bCQ Press
260 _c2020
650 _aPolitical science--Authorship. Political science--Research.
942 _cBK
999 _c37151
_d37151